¿ Por qué optó la población?: una exploración del resultado del referéndum en el contexto de la lucha hegemónica venezolana /

Guardado en:
Bibliografiske detaljer
Hovedforfatter: González Plessmann, Antonio J.
Format: Texto
Tags: Tilføj Tag
Ingen Tags, Vær først til at tagge denne postø!

MARC

LEADER 00000 a a2200000 04500
001 11022
003
040
100 |a González Plessmann, Antonio J.  
245 |a ¿ Por qué optó la población?:   |b una exploración del resultado del referéndum en el contexto de la lucha hegemónica venezolana /  |c Antonio J. González Plessmann 
773 |g volumen 5, número 14; páginas 27-36  
999 |c 24337  |d 24337